000 00421pab a2200145 454500
008 180718b2005 xxu||||| |||| 00| 0 eng d
100 _aBrooks, Arthur C.
245 _aWhat do nonprofit organizations seek? (and why should policymakers care?)
260 _c2005
300 _ap.543-58.
362 _aSpring
650 _aNonprofit organizations
773 _aJournal of Policy Analysis and Management
909 _a66361
999 _c66361
_d66361